Les stations de tourisme en Bourgogne-Franche-Comté - Statistiques

Statistiques générales
  • Ce quiz a été pris 50 fois
  • Le résultat moyen est 8 sur 15
Statistiques - réponses
Hint Réponse % Correct
21 *EAU*E 1991 Beaune
98%
39 S*L*NS-L*S-B**NS 1921 Salins-les-Bains
81%
39 L*S R**SS*S 2019 Les Rousses
74%
39 CL**RV**X-L*S-L*CS 2011 Clairvaux-les-Lacs
68%
71 B**RB*N-L*NCY 1914 Bourbon-Lancy
66%
25 M*T*B**F 2018 Métabief
66%
39 B**S-D'*RM*NT 2019 Bois-d'Armont
47%
39 PR*M*N*N 2019 Prémanon
45%
70 *U*EUI*-*E*-*AI** 1912 Luxeuil-les-Bains
43%
71 *A*O* 2013 Mâcon
43%
21 S*NT*N** Santenay
40%
71 *A*AY-*E-*O*IA* 2015 Paray-le-Monial
36%
39 *A*OU*A 2019 Lamoura
28%
39 *O**-*E*-*AU*IE* 2015 Lons-le-Saunier
17%
58 *AI**-*O*O*E-*E*-*AI** Saint-Honoré-les-Bains
13%
Aucun quiz correspondant
Distribution des résultats
% des personnes avec chaque résultat
Percentile par nombre de réponses
Votre historique - résultats
Vous n’avez pas pris ce quiz